Statistics for Title in the Lyrics -- Songs From 2010

Click here to take the quiz!

General Stats

  • This quiz has been taken 380 times
  • The average score is 9 of 15

Answer Stats

Lyrics Title % Correct
Just gonna stand there and watch me burn / But that's alright, because I like the way it hurts / Just gonna stand there and hear me cry / But that's alright because I ____ ___ ___ ___ ___Love the Way You Lie
93%
When I see your face / There's not a thing that I would change / 'Cause you're amazing / ____ ___ ___ ___ ___Just the Way You Are
88%
__________ _____ / We're unforgettable / Daisy dukes / Bikinis on topCalifornia Gurls
84%
Beautiful girls all over the world / I could be chasing but my time would be wasted / They got ______ __ ___ baby / ______ __ ___ babyNothin' On You
74%
We could have had it all / _______ __ ___ ____ / You had my heart inside your handRolling In the Deep
70%
My first love broke my heart for the first time / And I was like... / ____, ____, ____, oooh / Like ____, ____, ____ noooBaby
69%
Told you from the start, baby from the start / I'm only gonna break break your, break _____ ____ _____Break Your Heart
68%
Don't call my name / Don't call my name, _________ / I'm not your babe / I'm not your babe, FernandoAlejandro
68%
Sippin sizzurp in my ride, like Three 6 / Now I'm feeling so fly ____ _ __Like a G6
64%
And you never say hey / Or remember my name / Its probably 'cause / You think you're ______ ____ __Cooler Than Me
53%
Yeah uh huh, you know what it is / _____ ___ ______ / _____ ___ ______ / _____ ___ ______ / _____ ___ ______ / Yeah, uh huh, you know what it is / Everything I do, I do it bigBlack And Yellow
41%
__ _ ___ _____, bury me in satin / Lay me down on a bed of rosesIf I Die Young
40%
Don't hate me cause I'm beautiful / Don't hate me cause I'm beautiful / (Hey!) / Aye, now do the ______ ____ ____ rock rock rock rockPretty Girl Rock
19%
They be like smooth (what?) / Can you _____ __ ___ __ ______? / You know why? / Cause all da girls love it (aye) / All I need is a beat that's super bumpin'Teach Me How to Dougie
17%
Take my order cause your body like a / _____ ___ / Let me walk into your body until you / Hear me outCarry Out
9%

Score Distribution

Percentile by Number Answered

Percent of People with Each Score

Your Score History

You have not taken this quiz